000 00684nam a2200217 i 4500
001 89991
003 ES-MaACL
005 20250511063031.0
007 t|
008 050117s1925 fr |||| |dspa d
100 1 _aLázaro, Ángel,
_9240342
_d1900-1985
_eaut
245 1 0 _aJacinto Benavente, de su vida y de su obra /
_cpor Ángel Lázaro.
260 _aParís :
_bAgencia Mundial de Librería,
_c1925.
300 _a173 p. ;
_c20 cm.
490 1 _aLos grandes escritores
600 1 4 _aBenavente, Jacinto,
_d1866-1954
_927443
830 0 _aLos grandes escritores
_9184130
852 _aES-MaACL
_jD-4151
_cSVI
942 _2udc
_cMONOGRAFIA
_n0
999 _c89991
_d89991